Science Quiz

Random Science Quiz
Score 0/16 Timer 10:00
0 Plays Today
% Correct
Multiple sclerosis
70.3%
Graves disease
68.3%
Type 1 Diabetes
60.4%
Rheumatoid Arthritis
48.5%
Myasthenia Gravis
44.6%
Addisons
41.6%
Hashimoto's Thyroiditis
35.6%
Ankylosing Spondylitis
27.7%
% Correct
Goodpasture syndrome
21.8%
Autoimmune Hemolytic anemia
19.8%
Sjogren's syndrome
9.9%
Autoimmune Gastritis
6.9%
Spontaneous Infertility
6.9%
Idiopathic thrombocytopenia purpura
5.9%
Systemic Lupus Erythromatosus
5%
Autoimmune lymphoproliferative syndrome
2%
Come Together.
Have Fun.
All Virtual.
We all need to come together. Play Sporcle's virtual live trivia to have fun, connect with people, and get your trivia on. Join a live hosted trivia game for your favorite pub trivia experience done virtually. If a virtual private party is more your thing, go here for details.

You're not logged in!

Compare scores with friends on all Sporcle quizzes.
OR
Log In

Sporcle TV

Today on Sporcle TV


Watch our educational content, quiz creation guides, and fun videos on Sporcle TV.

Show Comments

Extras

Created Feb 4, 2011ReportNominate
Tags:disease

Top Quizzes Today


Score Distribution

Paid Content

Your Account Isn't Verified!

In order to create a playlist on Sporcle, you need to verify the email address you used during registration. Go to your Sporcle Settings to finish the process.

Report this User

Report this user for behavior that violates our Community Guidelines.

Details: